| 000 | 00543nam a2200157Ia 4500 | ||
|---|---|---|---|
| 008 | 100122s9999 xx 000 0 und d | ||
| 082 |
_b45319 _a294.5 |
||
| 100 | _aगाडगीळ अमरेंद्र | ||
| 245 | _aमोडली मांडली क्षेत्रे | ||
| 250 | _a1 | ||
| 260 |
_bसन पब्लिकेशन _c1991 |
||
| 300 | _a192 | ||
| 630 | _aमोडली मांडली क्षेत्रे | ||
| 730 | _aमोडली मांडली क्षेत्रे | ||
| 942 | _cBOOK | ||
| 999 |
_c424822 _d424819 |
||